Športovo-rekreačný objekt, Patrónka Bratislava

Guardado en:
Detalles Bibliográficos
Autor principal: Staško, Tadeáš (Autor)
Otros Autores: Boroš, Andrej (Orientador)
Formato: Manuscrito Libro
Lenguaje:eslovaco
Publicado: Bratislava 2023
Materias:
Acceso en línea:http://is.stuba.sk/zp/portal_zp.pl?podrobnosti=155877
Etiquetas: Agregar Etiqueta
Sin Etiquetas, Sea el primero en etiquetar este registro!

MARC

LEADER 00000ntm a22000003a 4500
001 stuzp94507
003 SK-STU
005 20231005091902.7
007 ta
008 150427s2015----xo-----f-mn---000-0-slo-d
040 |a STU  |b slo 
041 0 |a slo 
100 1 |a Staško, Tadeáš  |u 058180  |4 aut  |U FAD Fakulta architektúry a dizajnu  |T FAD Ústav architektúry občianskych budov  |X 97939  |U A8180  |Y 399  |7 97939 
242 0 1 |a Sport & Wellness Facility, Patrónka Bratislava  |y eng 
245 1 0 |a Športovo-rekreačný objekt, Patrónka Bratislava 
260 |c 2023  |a Bratislava 
650 4 |a bikehouse  |2 slo 
650 4 |a podzemné parkovacie cyklistické veže  |2 slo 
650 4 |a fitness centrum  |2 slo 
650 4 |a šatne  |2 slo 
650 4 |a skateabordové rampy  |2 slo 
650 4 |a lezecká stena  |2 slo 
650 4 |a fitness centre  |2 eng 
650 4 |a changing rooms  |2 eng 
650 4 |a bikehouse  |2 eng 
650 4 |a skateboard ramps  |2 eng 
650 4 |a climbing wall  |2 eng 
650 4 |a underground parking bike towers  |2 eng 
700 1 |a Boroš, Andrej  |4 ths  |X 15526  |7 A000015526 
856 4 |u http://is.stuba.sk/zp/portal_zp.pl?podrobnosti=155877  |u https://opac.crzp.sk/?fn=detailBiblioForm&sid=C03CB0FBA6588971D13023D1B6BF